00624nam a2200193Ia 4500008004100000020001800041082001400059100004000073245001900113250000800132260004200140300002800182500001900210600002000229650002000249942000700269952013700276999001700413240925s9999 xx 000 0 und d a9788126556731 a338.5 BES aBesanko, David ; Braeutigam, Ronald 0aMicroeconomics a5th aNew Delhi:bJohn Wiley & Sonsc,2015. axii, 683p.b0fOriginal aIncludes Index aSocial Sciences aSocial Sciences cBK 001040708SSaUITUbUITUd2018-12-29eBook World Internationalg1848.13l0o338.5 BESpQ13140r2024-09-25 07:16:45w2024-09-25yBK c15639d15639